| 000 | 00857 a2200217 4500 | ||
|---|---|---|---|
| 001 | 59648 | ||
| 005 | 20260407155850.0 | ||
| 008 | 260407a1987 arg spa d | ||
| 003 | AR-UNSa-BCEJYS | ||
| 040 |
_aAR-UNSa-BCEJYS _bspa _cAR-UNSa-BCEJYS |
||
| 080 |
_a342 _xDerecho constitucional (Derecho Público) |
||
| 245 | 1 | 0 |
_aLos organismos autónomos en el derecho público español _ptipología y régimen jurídico |
| 020 | _a84-7351-204-9 | ||
| 264 | 1 |
_aMadrid : _bInstituto Nacional de Administración Pública (INAP) _c1987 |
|
| 300 |
_axlii, 565 p. _c21 cm. |
||
| 505 | _a1. Los organismos autónomos en el marco de la administración pública - 2. Tipología y régimen jurídico de los organismos autónomos - | ||
| 041 | _aspa | ||
| 942 | _cBK | ||
| 590 | _aniveau_biblio:m niveau_hierar:0 | ||
| 100 | 1 | _aJimenez de Cisneros Cid, Francisco Javier | |
| 999 |
_c6768 _d6768 |
||